00353nam a2200121Ia 4500003000400000005001700004008004100021040000600062082001800068245011100086260002300197300001100220OSt20250825100128.0250310s9999||||xx |||||||||||||| ||und|| c. a658.562bI872 0aQuality improvement programme brochure and Iste handbook 1989-90 /cIndian Society for Technical Education aNew Delhi :bISTE, a113 p.